Numbers in the answer - UK - Statistics

General Stats
  • This quiz has been taken 62 times
  • The average score is 11 of 15
Answer Stats
Hint Answer % Correct
Number of colours on the Welsh flag 3
100%
Number of nations of the UK 4
98%
Bond's agent number 007
94%
Adele's first album 19
91%
Number of houses in UK parliament 2
89%
The Beatles Fab Four
87%
PM's residence Number 10
83%
Number of native snake species in Britain 3
81%
Official number of cities in Northern Ireland 5
76%
Plucky gang that includes George and her dog Timmy Famous 5
70%
Internet brand 3
63%
Cliffs in East Sussex Seven Sisters
61%
Year Olympics first held in London 1908
50%
Band named from their Walthamstow postcode East 17
43%
Sherlock's residence 221B Baker Street
41%
No matching quizzes found
Score Distribution
Percent of People with Each Score
Percentile by Number Answered
Your Score History
You have not taken this quiz